| 000 | 01764cam a2200265 4500500 | ||
|---|---|---|---|
| 005 | 20260201130559.0 | ||
| 041 | _afre | ||
| 042 | _adc | ||
| 100 | 1 | 0 |
_aLani-Bayle, Martine _eauthor |
| 245 | 0 | 0 | _aDes limites du dicible ou de l'écrivable |
| 260 | _c2014. | ||
| 500 | _a72 | ||
| 520 | _aDe tout temps, dans le cadre de ses recherches, l’auteur a porté un regard sur les situations extrêmes de vie, au plan familial et, par extension, au plan national voire international. Dès les années 1970-1980, cela l’a conduite à travailler la question des secrets et autres non-dits, soit parce qu’on ne veut pas dire une situation gravissime qui dérange ou choque, soit parce qu'on ne le peut pas. Ici est évoquée plus précisément la question du "dire" à la suite d'une guerre, et notamment celle d'Algérie. | ||
| 520 | _aFrom time immemorial, within the framework of his research, the author brought a new perspective to the extremes of life, at the family level and, in a broader sense, at the national or even international level. From the 1970s-1980s, this work led to working the issue of unspoken secrets and other unsaid things, either because one does not want to talk about a serious situation that disturbs or shocks, or because one cannot talk about it. Here the issue of "telling" after a war, especially that of Algeria, is more specifically evoked. | ||
| 690 | _anon-dit | ||
| 690 | _asecret | ||
| 690 | _asouffrance | ||
| 690 | _atransmission | ||
| 690 | _asecret | ||
| 690 | _asuffering | ||
| 690 | _atransmission | ||
| 690 | _aunsaid | ||
| 786 | 0 | _nLe Sociographe | 46 | 2 | 2014-06-01 | p. 63-72 | 1297-6628 | |
| 856 | 4 | 1 | _uhttps://shs.cairn.info/revue-le-sociographe-2014-2-page-63?lang=fr&redirect-ssocas=7080 |
| 999 |
_c1642320 _d1642320 |
||